Pencil of doom #2 [CD/sound recording] / Andy ... Read More
Available copies
- 1 of 1 copy available at LARL/NWRL Consortium.
Current holds
0 current holds with 1 total copy.
Show Only Available Copies
| Location | Call Number / Copy Notes | Barcode | Shelving Location | Status | Due Date |
|---|---|---|---|---|---|
| Godel Memorial-Warren Library | BOOK-ON-CD j GRI (Text) | 35500005418643 | Main | Available | - |
Record details
- ISBN: 9781742140391
- ISBN: 1742140394
- ISBN: 9781743171943
- Physical Description: 3 sound discs (CD) (ca. 2 hr., 55 min.) : digital ... Read More
- Publisher: [Melbourne] : Bolinda Audio Books, 2008.
Content descriptions
| General Note: | Complete & unabridged. Bolinda Audio Books: BAB 080942. |
| Creation/Production Credits Note: | Read by Stig Wemyss. |
| Participant or Performer Note: | Read by Stig Wemyss. |
| Summary, etc.: | Mr Brainfright says: It's important to keep a ... Read More |
Search for related items by subject
| Subject: | Talking books. |
| Genre: | Humorous stories. Children's stories. Humorous stories. Children's stories. |
Search for related items by series
| LDR | 01881cim a2200433Ma 4500 | ||
|---|---|---|---|
| 001 | 167055 | ||
| 003 | LARL_NWRL_CONSORTIUM | ||
| 005 | 20140606164357.0 | ||
| 007 | sd fsngnnmpned | ||
| 008 | 080903s2008 vrannnn z n eng d | ||
| 019 | . | ‡a671859361 | |
| 020 | . | ‡a9781742140391 | |
| 020 | . | ‡a1742140394 | |
| 020 | . | ‡a9781743171943 | |
| 028 | 0 | 0. | ‡aBAB 080942 ‡bBolinda Audio Books |
| 035 | . | ‡a(OCoLC)271721513 ‡z(OCoLC)671859361 | |
| 049 | . | ‡aNRGP | |
| 082 | 0 | 4. | ‡aA823.4 ‡222 |
| 100 | 1 | . | ‡aGriffiths, Andy, ‡d1961- ‡0(LARL_NWRL_CONSORTIUM)151887 |
| 245 | 1 | 0. | ‡aPencil of doom ‡n#2 ‡h[CD/sound recording] / ‡cAndy Griffiths ; read by Stig Wemyss. |
| 260 | . | ‡a[Melbourne] : ‡bBolinda Audio Books, ‡c2008. | |
| 300 | . | ‡a3 sound discs (CD) (ca. 2 hr., 55 min.) : ‡bdigital ; ‡c4 3/4 in. | |
| 490 | 0 | . | ‡aSchooling around ; ‡vno. 2 |
| 500 | . | ‡aComplete & unabridged. | |
| 500 | . | ‡aBolinda Audio Books: BAB 080942. | |
| 508 | . | ‡aRead by Stig Wemyss. | |
| 511 | 0 | . | ‡aRead by Stig Wemyss. |
| 520 | . | ‡aMr Brainfright says: It's important to keep a sense of humour at all times, especially when you're being ripped apart by a lion. Mr Brainfright is a teacher at Northwest Southeast Central School. He teaches Grade Five and in his class is a student called Henry McThrottle who likes telling stories. That's me. I'm Henry McThrottle and this is my latest story. It's about an evil pencil, a runaway lion, an avalanche and - falling out of windows. I hope you like it. | |
| 650 | 0. | ‡aTalking books. ‡0(LARL_NWRL_CONSORTIUM)32374 | |
| 655 | 0. | ‡aHumorous stories. | |
| 655 | 0. | ‡aChildren's stories. | |
| 655 | 4. | ‡aHumorous stories. | |
| 655 | 4. | ‡aChildren's stories. | |
| 700 | 1 | . | ‡aWemyss, Stig. ‡0(LARL_NWRL_CONSORTIUM)144824 |
| 901 | . | ‡a167055 ‡bOCLC ‡c167055 ‡tbiblio | |

Add to basket
Permalink
Disable Highlighting